[Event "2012"]
[Site "Pyhajarve"]
[Date "2012.11.23"]
[Round "8.6"]
[White "KULAOTS, Kaido"]
[Black "REBANE, Raul"]
[Result "1-0"]
[LiveChessVersion "1.3.1"]
[BlackElo "2147"]
[WhiteElo "2537"]

1. e4 {[%clk 0:04:00]} c6 {[%clk 0:16:00]} 2. d4 g6 3. Nf3 {[%clk 0:03:56]} Bg7
{[%clk 0:15:59]} 4. Nc3 {[%clk 0:03:55]} d5 {[%clk 0:15:58]} 5. h3
{[%clk 0:03:54]} dxe4 {[%clk 0:15:53]} 6. Nxe4 Nd7 7. Bc4 {[%clk 0:03:51]} Ngf6
{[%clk 0:15:52]} 8. Nxf6+ {[%clk 0:03:47]} Nxf6 {[%clk 0:15:50]} 9. O-O
{[%clk 0:03:46]} O-O {[%clk 0:15:49]} 10. Re1 {[%clk 0:03:45]} e6
{[%clk 0:15:20]} 11. c3 {[%clk 0:03:37]} b6 {[%clk 0:15:19]} 12. Bf4
{[%clk 0:03:32]} Bb7 {[%clk 0:15:14]} 13. Qe2 {[%clk 0:03:29]} Qc8
{[%clk 0:14:33]} 14. Be5 {[%clk 0:03:24]} c5 {[%clk 0:14:11]} 15. Bd6
{[%clk 0:03:21]} Rd8 {[%clk 0:14:07]} 16. dxc5 {[%clk 0:03:19]} bxc5
{[%clk 0:14:05]} 17. Bf4 {[%clk 0:02:57]} Nd5 {[%clk 0:12:48]} 18. Be5
{[%clk 0:02:56]} Bh6 {[%clk 0:12:27]} 19. Nh2 {[%clk 0:02:30]} Nb6
{[%clk 0:12:24]} 20. Ng4 {[%clk 0:02:24]} Bg7 {[%clk 0:12:12]} 21. Bxg7
{[%clk 0:02:21]} Kxg7 {[%clk 0:12:11]} 22. Qe5+ {[%clk 0:02:19]} Kf8
{[%clk 0:11:44]} 23. Qh8+ Ke7 24. Qf6+ {[%clk 0:02:13]} Kf8 {[%clk 0:11:35]} 25.
Bxe6 {[%clk 0:02:07]} Qc7 {[%clk 0:11:29]} 26. Bd5 {[%clk 0:01:55]} Bxd5
{[%clk 0:11:11]} 27. Qh8# {[%clk 0:01:53]} 1-0

[Event "2012"]
[Site "Pyhajarve"]
[Date "2012.11.25"]
[Round "9.1"]
[White "LAPIDUS, Mark"]
[Black "SHORT, Nigel"]
[Result "0-1"]
[LiveChessVersion "1.3.1"]
[BlackElo "2702"]
[WhiteElo "2298"]

1. d4 {[%clk 0:11:58]} e6 {[%clk 0:07:59]} 2. c4 {[%clk 0:11:54]} b6
{[%clk 0:07:58]} 3. Nc3 {[%clk 0:10:48]} Bb4 {[%clk 0:07:55]} 4. Bd2
{[%clk 0:10:43]} Bb7 {[%clk 0:07:52]} 5. e3 {[%clk 0:10:15]} f5 {[%clk 0:07:41]}
6. a3 {[%clk 0:10:07]} Bxc3 {[%clk 0:07:16]} 7. Bxc3 {[%clk 0:10:06]} Nf6
{[%clk 0:07:15]} 8. f3 {[%clk 0:10:02]} O-O {[%clk 0:07:10]} 9. Bd3
{[%clk 0:09:59]} d5 {[%clk 0:06:23]} 10. Ne2 {[%clk 0:09:46]} dxc4
{[%clk 0:06:17]} 11. Bxc4 {[%clk 0:09:43]} Nd5 {[%clk 0:06:16]} 12. Qd2
{[%clk 0:09:12]} Qh4+ {[%clk 0:05:08]} 13. Ng3 {[%clk 0:09:02]} Ba6
{[%clk 0:04:19]} 14. b3 {[%clk 0:08:53]} Bxc4 {[%clk 0:03:51]} 15. bxc4
{[%clk 0:08:51]} Nxc3 {[%clk 0:03:50]} 16. Qxc3 {[%clk 0:08:46]} Nc6
{[%clk 0:03:49]} 17. d5 {[%clk 0:08:26]} Na5 {[%clk 0:03:46]} 18. dxe6
{[%clk 0:07:21]} Rae8 {[%clk 0:03:45]} 19. O-O {[%clk 0:07:10]} Qxc4
{[%clk 0:03:28]} 20. Rac1 {[%clk 0:06:56]} Qxc3 {[%clk 0:03:27]} 21. Rxc3
{[%clk 0:06:56]} c5 {[%clk 0:03:26]} 22. Rd1 {[%clk 0:06:39]} Rxe6
{[%clk 0:03:24]} 23. Rd7 {[%clk 0:06:38]} Nc6 {[%clk 0:03:20]} 24. Nh5
{[%clk 0:06:26]} Re7 {[%clk 0:03:14]} 25. Rcd3 {[%clk 0:06:13]} g6
{[%clk 0:03:08]} 26. Rxe7 {[%clk 0:06:07]} Nxe7 {[%clk 0:03:06]} 27. Nf4
{[%clk 0:06:06]} Nc6 {[%clk 0:02:57]} 28. Rd6 {[%clk 0:05:57]} Rc8
{[%clk 0:02:55]} 29. Nd5 {[%clk 0:05:53]} Kf7 {[%clk 0:02:53]} 30. e4
{[%clk 0:05:38]} fxe4 {[%clk 0:02:51]} 31. fxe4 {[%clk 0:05:38]} b5
{[%clk 0:02:50]} 32. Kf2 b4 33. axb4 {[%clk 0:05:15]} cxb4 {[%clk 0:02:49]} 34.
Ke3 {[%clk 0:05:09]} b3 {[%clk 0:02:46]} 35. Rd7+ {[%clk 0:04:19]} Ke6
{[%clk 0:02:45]} 36. Rxh7 {[%clk 0:04:00]} b2 {[%clk 0:02:40]} 37. Nc3
{[%clk 0:03:59]} Nb4 {[%clk 0:02:34]} 38. Nb1 {[%clk 0:03:42]} Rc1
{[%clk 0:02:33]} 39. Nd2 {[%clk 0:03:40]} Re1+ {[%clk 0:02:25]} 40. Kf3
{[%clk 0:02:49]} Rd1 {[%clk 0:02:24]} 41. Rb7 {[%clk 0:02:46]} a5
{[%clk 0:02:23]} 42. Rb6+ {[%clk 0:02:42]} Kd7 {[%clk 0:02:21]} 0-1

[Event "2012"]
[Site "Pyhajarve"]
[Date "2012.11.25"]
[Round "9.2"]
[White "NYBACK, Tomi"]
[Black "LAINE, Panu"]
[Result "1-0"]
[LiveChessVersion "1.3.1"]
[BlackElo "2207"]
[WhiteElo "2631"]

1. d4 {[%clk 0:03:58]} d5 {[%clk 0:15:57]} 2. c4 {[%clk 0:03:56]} c6
{[%clk 0:15:56]} 3. Nf3 {[%clk 0:03:54]} Nf6 {[%clk 0:15:54]} 4. Qb3
{[%clk 0:03:52]} e6 {[%clk 0:15:42]} 5. g3 {[%clk 0:03:49]} Nbd7 {[%clk 0:15:12]}
6. Bg2 {[%clk 0:03:46]} Be7 {[%clk 0:14:34]} 7. O-O {[%clk 0:03:42]} O-O
{[%clk 0:14:32]} 8. Bf4 {[%clk 0:03:39]} c5 {[%clk 0:13:47]} 9. dxc5
{[%clk 0:02:59]} Nxc5 {[%clk 0:13:43]} 10. Qc2 {[%clk 0:02:57]} dxc4
{[%clk 0:12:52]} 11. Rd1 {[%clk 0:02:52]} Qb6 {[%clk 0:12:05]} 12. Nbd2
{[%clk 0:02:49]} Bd7 {[%clk 0:11:52]} 13. Nxc4 {[%clk 0:02:47]} Qa6
{[%clk 0:11:40]} 14. Nfe5 {[%clk 0:02:45]} Bb5 {[%clk 0:11:10]} 15. b3
{[%clk 0:02:43]} Rac8 {[%clk 0:11:00]} 16. Rac1 {[%clk 0:02:41]} Rfd8
{[%clk 0:10:41]} 17. Rxd8+ {[%clk 0:02:33]} Rxd8 {[%clk 0:10:37]} 18. a4
{[%clk 0:02:30]} Be8 {[%clk 0:10:22]} 19. Ne3 {[%clk 0:02:20]} Qb6
{[%clk 0:09:25]} 20. Rb1 {[%clk 0:02:09]} Na6 {[%clk 0:08:18]} 21. N5c4
{[%clk 0:01:55]} Qc5 {[%clk 0:08:11]} 22. Bxb7 {[%clk 0:01:46]} Nb4
{[%clk 0:08:02]} 23. Qb2 {[%clk 0:01:45]} Nh5 {[%clk 0:07:43]} 24. Be5
{[%clk 0:01:41]} f6 {[%clk 0:07:09]} 25. Bc3 {[%clk 0:01:39]} Nd5
{[%clk 0:07:08]} 26. Bxd5 {[%clk 0:01:29]} exd5 {[%clk 0:07:06]} 27. Bd4
{[%clk 0:01:27]} Qc7 {[%clk 0:06:36]} 28. Nd2 {[%clk 0:01:25]} Bb4
{[%clk 0:06:23]} 29. Nf3 {[%clk 0:01:17]} Bg6 {[%clk 0:06:04]} 30. Rd1
{[%clk 0:01:13]} Be4 {[%clk 0:05:50]} 31. Nd2 {[%clk 0:01:09]} Bg6
{[%clk 0:05:45]} 32. Nb1 {[%clk 0:01:06]} Bf7 {[%clk 0:04:17]} 33. Nc3
{[%clk 0:01:03]} Qd7 {[%clk 0:04:00]} 34. Qb1 {[%clk 0:01:00]} Rc8
{[%clk 0:03:44]} 35. Qd3 {[%clk 0:00:41]} Rb8 {[%clk 0:03:00]} 36. Ncxd5
{[%clk 0:00:38]} Bxd5 {[%clk 0:02:48]} 37. Bb2 {[%clk 0:00:37]} Kh8
{[%clk 0:02:32]} 38. Nxd5 {[%clk 0:00:36]} Bc5 {[%clk 0:02:25]} 39. Kg2
{[%clk 0:00:35]} Qb7 {[%clk 0:02:20]} 40. e4 {[%clk 0:00:33]} h6 {[%clk 0:02:13]}
41. Rc1 {[%clk 0:00:31]} Bd6 {[%clk 0:01:59]} 42. Qf3 {[%clk 0:00:30]} Qxb3
{[%clk 0:01:38]} 43. Rc8+ {[%clk 0:00:29]} Kh7 {[%clk 0:01:36]} 44. Qf5+ 1-0

[Event "2012"]
[Site "Pyhajarve"]
[Date "2012.11.25"]
[Round "9.3"]
[White "MIEZIS, Normunds"]
[Black "KELDER, Hendrek"]
[Result "1-0"]
[LiveChessVersion "1.3.1"]
[BlackElo "2065"]
[WhiteElo "2512"]

1. c4 {[%clk 0:01:58]} f5 {[%clk 0:17:56]} 2. Nc3 {[%clk 0:01:56]} Nf6
{[%clk 0:17:43]} 3. g3 {[%clk 0:01:54]} e6 {[%clk 0:17:34]} 4. Bg2
{[%clk 0:01:52]} Be7 {[%clk 0:17:24]} 5. Nh3 {[%clk 0:01:49]} O-O
{[%clk 0:17:20]} 6. O-O {[%clk 0:01:46]} c6 {[%clk 0:17:17]} 7. d3
{[%clk 0:01:36]} d5 {[%clk 0:17:15]} 8. cxd5 {[%clk 0:01:34]} cxd5
{[%clk 0:17:13]} 9. Nf4 {[%clk 0:01:31]} Nc6 {[%clk 0:16:36]} 10. d4
{[%clk 0:01:30]} Bd7 {[%clk 0:16:24]} 11. e3 {[%clk 0:01:27]} Bd6
{[%clk 0:15:55]} 12. Nd3 {[%clk 0:01:25]} Rc8 {[%clk 0:15:39]} 13. Bd2
{[%clk 0:01:23]} Ne4 {[%clk 0:15:30]} 14. Be1 {[%clk 0:01:22]} a6
{[%clk 0:14:48]} 15. f3 {[%clk 0:01:20]} Nxc3 {[%clk 0:14:13]} 16. Bxc3
{[%clk 0:01:18]} Be8 {[%clk 0:14:06]} 17. e4 {[%clk 0:01:15]} Ne7
{[%clk 0:10:43]} 18. e5 {[%clk 0:01:13]} Bc7 {[%clk 0:10:33]} 19. Nc5
{[%clk 0:01:11]} Bf7 {[%clk 0:10:18]} 20. Nxb7 {[%clk 0:01:09]} Qd7
{[%clk 0:10:02]} 21. Nc5 {[%clk 0:01:08]} Qe8 {[%clk 0:09:27]} 22. Nxa6
{[%clk 0:01:06]} h5 {[%clk 0:08:57]} 23. Qd2 {[%clk 0:01:05]} Bb6
{[%clk 0:08:23]} 24. b4 {[%clk 0:01:03]} Ng6 {[%clk 0:07:34]} 25. Nc5
{[%clk 0:01:02]} h4 {[%clk 0:06:56]} 26. f4 {[%clk 0:01:00]} hxg3
{[%clk 0:06:35]} 27. hxg3 {[%clk 0:00:58]} Ne7 {[%clk 0:05:27]} 28. a4
{[%clk 0:00:57]} Ra8 {[%clk 0:04:53]} 29. a5 {[%clk 0:00:54]} Ba7
{[%clk 0:04:18]} 30. Nb7 {[%clk 0:00:51]} Nc8 {[%clk 0:04:03]} 31. Rfc1
{[%clk 0:00:50]} Qb5 {[%clk 0:03:45]} 32. Nc5 {[%clk 0:00:48]} Re8
{[%clk 0:03:05]} 33. Bf1 {[%clk 0:00:46]} Qb8 {[%clk 0:02:47]} 34. b5
{[%clk 0:00:45]} Bxc5 {[%clk 0:02:39]} 35. dxc5 {[%clk 0:00:44]} 1-0

[Event "2012"]
[Site "Pyhajarve"]
[Date "2012.11.25"]
[Round "9.4"]
[White "VOLODIN, Aleksandr"]
[Black "KULAOTS, Kaido"]
[Result "0-1"]
[LiveChessVersion "1.3.1"]
[BlackElo "2537"]
[WhiteElo "2446"]

1. d4 {[%clk 0:09:57]} g6 {[%clk 0:09:59]} 2. Nf3 {[%clk 0:09:30]} Bg7
{[%clk 0:09:55]} 3. c4 {[%clk 0:09:28]} d6 {[%clk 0:09:52]} 4. g3
{[%clk 0:09:27]} e5 {[%clk 0:09:38]} 5. Bg2 {[%clk 0:09:21]} Nc6 {[%clk 0:09:15]}
6. d5 {[%clk 0:08:57]} Nce7 {[%clk 0:09:13]} 7. e4 {[%clk 0:08:48]} f5
{[%clk 0:09:03]} 8. Nc3 {[%clk 0:08:26]} Nf6 {[%clk 0:09:01]} 9. Ng5
{[%clk 0:07:51]} O-O {[%clk 0:08:16]} 10. O-O {[%clk 0:07:48]} c6
{[%clk 0:07:15]} 11. dxc6 {[%clk 0:06:08]} bxc6 {[%clk 0:07:03]} 12. exf5
{[%clk 0:06:05]} gxf5 {[%clk 0:06:53]} 13. b3 {[%clk 0:05:34]} e4
{[%clk 0:05:15]} 14. Ba3 {[%clk 0:05:01]} Ne8 {[%clk 0:05:13]} 15. Rc1
{[%clk 0:04:49]} Ng6 {[%clk 0:04:55]} 16. h4 {[%clk 0:04:19]} Ne5
{[%clk 0:04:41]} 17. Rc2 {[%clk 0:03:52]} h6 {[%clk 0:04:30]} 18. Nh3
{[%clk 0:03:51]} Nd3 {[%clk 0:04:28]} 19. Ne2 {[%clk 0:03:21]} Qa5
{[%clk 0:03:51]} 20. Bc1 {[%clk 0:03:19]} Nxc1 {[%clk 0:03:37]} 21. Qxc1
{[%clk 0:03:15]} Be6 {[%clk 0:03:19]} 22. Rd1 {[%clk 0:03:08]} Bf7
{[%clk 0:03:17]} 23. Nd4 {[%clk 0:02:53]} Qc5 {[%clk 0:03:03]} 24. b4
{[%clk 0:02:22]} Qxb4 {[%clk 0:02:54]} 25. Nxf5 {[%clk 0:01:55]} Bh5
{[%clk 0:02:50]} 26. Ne7+ {[%clk 0:01:54]} Kh8 {[%clk 0:02:38]} 27. Re1
{[%clk 0:01:46]} Qc5 {[%clk 0:02:10]} 28. Rxe4 {[%clk 0:01:36]} Nf6
{[%clk 0:01:37]} 29. Re1 {[%clk 0:01:36]} Ng4 {[%clk 0:01:22]} 30. Nf4
{[%clk 0:01:35]} Rfe8 {[%clk 0:01:05]} 31. Nxc6 {[%clk 0:01:21]} Rac8
{[%clk 0:00:54]} 32. Ne7 {[%clk 0:01:16]} Bd4 {[%clk 0:00:47]} 33. Nxc8
{[%clk 0:01:10]} Bxf2+ {[%clk 0:00:44]} 34. Kh1 {[%clk 0:00:59]} Rxe1+
{[%clk 0:00:43]} 35. Qxe1 {[%clk 0:00:57]} Bxe1 {[%clk 0:00:42]} 36. Ne7
{[%clk 0:00:49]} Bxg3 {[%clk 0:00:38]} 37. Ned5 {[%clk 0:00:44]} Nf2+
{[%clk 0:00:36]} 38. Kg1 {[%clk 0:00:42]} Nh3+ {[%clk 0:00:34]} 39. Kf1
{[%clk 0:00:41]} Qg1# {[%clk 0:00:33]} 0-1

[Event "2012"]
[Site "Pyhajarve"]
[Date "2012.11.25"]
[Round "9.5"]
[White "LIIVA, Riho"]
[Black "PORRASMAA, Timo"]
[Result "1-0"]
[LiveChessVersion "1.3.1"]
[BlackElo "2048"]
[WhiteElo "2451"]

1. e4 {[%clk 0:03:59]} Nc6 {[%clk 0:15:57]} 2. Nc3 {[%clk 0:03:58]} Nf6
{[%clk 0:15:52]} 3. d4 {[%clk 0:03:57]} d5 {[%clk 0:15:50]} 4. e5
{[%clk 0:03:51]} Nd7 {[%clk 0:15:48]} 5. Nf3 {[%clk 0:03:42]} Nb6
{[%clk 0:15:45]} 6. h3 {[%clk 0:03:34]} Bf5 {[%clk 0:15:37]} 7. g4
{[%clk 0:03:27]} Bg6 {[%clk 0:15:30]} 8. e6 {[%clk 0:03:08]} fxe6
{[%clk 0:15:07]} 9. Bb5 {[%clk 0:03:05]} Qd6 {[%clk 0:13:54]} 10. Ne5
{[%clk 0:03:04]} Nd7 {[%clk 0:13:53]} 11. Bxc6 {[%clk 0:02:24]} bxc6
{[%clk 0:13:49]} 12. Bf4 {[%clk 0:02:23]} Nxe5 {[%clk 0:13:28]} 13. Bxe5
{[%clk 0:02:23]} Qb4 {[%clk 0:13:00]} 14. Qc1 {[%clk 0:01:38]} c5
{[%clk 0:12:44]} 15. a3 {[%clk 0:01:33]} Qc4 {[%clk 0:12:36]} 16. Qe3
{[%clk 0:01:25]} cxd4 {[%clk 0:12:16]} 17. Bxd4 {[%clk 0:01:24]} c5
{[%clk 0:09:24]} 18. Bxc5 {[%clk 0:01:18]} e5 {[%clk 0:09:02]} 19. b3
{[%clk 0:01:17]} d4 {[%clk 0:08:08]} 20. bxc4 {[%clk 0:01:14]} dxe3
{[%clk 0:08:07]} 21. Bxe3 {[%clk 0:01:12]} e6 {[%clk 0:07:46]} 22. O-O
{[%clk 0:01:10]} Be7 {[%clk 0:07:31]} 23. Nb5 {[%clk 0:01:04]} O-O
{[%clk 0:07:24]} 24. Nxa7 {[%clk 0:01:03]} Be4 {[%clk 0:07:00]} 25. Nb5
{[%clk 0:00:59]} Rac8 {[%clk 0:06:49]} 26. a4 {[%clk 0:00:49]} Rxc4
{[%clk 0:05:01]} 27. a5 {[%clk 0:00:48]} Ra8 {[%clk 0:04:38]} 28. a6
{[%clk 0:00:47]} Bf3 {[%clk 0:03:59]} 29. a7 {[%clk 0:00:44]} h5 30. g5 Rh4
{[%clk 0:02:11]} 31. Kh2 {[%clk 0:00:43]} Rc4 {[%clk 0:01:32]} 32. Rfb1
{[%clk 0:00:40]} Kf7 {[%clk 0:01:25]} 33. Rb3 {[%clk 0:00:39]} Bc5
{[%clk 0:01:01]} 34. Bxc5 {[%clk 0:00:38]} Rxc5 35. Rxf3+ {[%clk 0:00:37]} Kg6
{[%clk 0:00:55]} 36. Rb1 {[%clk 0:00:37]} e4 {[%clk 0:00:45]} 37. Re3
{[%clk 0:00:36]} Kf5 {[%clk 0:00:32]} 38. c3 {[%clk 0:00:34]} Ke5
{[%clk 0:00:25]} 39. Rb4 {[%clk 0:00:33]} Kd5 1-0

[Event "2012"]
[Site "Pyhajarve"]
[Date "2012.11.25"]
[Round "9.6"]
[White "SMITH, Axel"]
[Black "KANEP, Meelis"]
[Result "1-0"]
[LiveChessVersion "1.3.1"]
[BlackElo "2508"]
[WhiteElo "2490"]

1. d4 {[%clk 0:11:59]} Nf6 {[%clk 0:07:58]} 2. c4 {[%clk 0:11:58]} e6
{[%clk 0:07:52]} 3. Nf3 {[%clk 0:11:52]} d5 {[%clk 0:07:50]} 4. g3
{[%clk 0:11:50]} dxc4 {[%clk 0:07:43]} 5. Bg2 {[%clk 0:11:48]} Bb4+
{[%clk 0:07:31]} 6. Bd2 {[%clk 0:11:41]} Be7 {[%clk 0:07:29]} 7. O-O
{[%clk 0:11:09]} O-O {[%clk 0:07:27]} 8. Qa4 {[%clk 0:10:15]} Bd7
{[%clk 0:06:16]} 9. Qxc4 {[%clk 0:10:13]} Bc6 {[%clk 0:06:15]} 10. Nc3
{[%clk 0:10:03]} Nbd7 {[%clk 0:06:11]} 11. Qd3 {[%clk 0:09:51]} Re8
{[%clk 0:05:45]} 12. Rfe1 {[%clk 0:09:43]} b6 {[%clk 0:05:35]} 13. e4
{[%clk 0:09:33]} Bb7 {[%clk 0:05:32]} 14. Rad1 {[%clk 0:08:55]} Bf8
{[%clk 0:05:17]} 15. e5 {[%clk 0:08:21]} Nd5 {[%clk 0:05:15]} 16. Ng5
{[%clk 0:08:08]} g6 {[%clk 0:05:08]} 17. Nxd5 {[%clk 0:07:38]} Bxd5
{[%clk 0:05:06]} 18. Bxd5 {[%clk 0:07:36]} exd5 {[%clk 0:05:04]} 19. Qf3
{[%clk 0:07:35]} Qe7 {[%clk 0:04:44]} 20. Qxd5 {[%clk 0:07:32]} Rad8
{[%clk 0:03:01]} 21. Qb7 {[%clk 0:06:56]} c5 {[%clk 0:02:50]} 22. Ne4
{[%clk 0:05:45]} cxd4 {[%clk 0:02:42]} 23. Bg5 {[%clk 0:05:35]} Qb4
{[%clk 0:02:27]} 24. Bxd8 {[%clk 0:05:27]} Rxd8 {[%clk 0:02:21]} 25. Nf6+
{[%clk 0:03:56]} Nxf6 26. exf6 Qxb2 {[%clk 0:01:31]} 27. Qc7 {[%clk 0:03:49]} Ra8
{[%clk 0:01:29]} 28. Qd7 {[%clk 0:03:04]} d3 {[%clk 0:01:19]} 29. Qd5
{[%clk 0:02:32]} Rc8 {[%clk 0:01:16]} 30. Rxd3 {[%clk 0:02:26]} Rc5
{[%clk 0:01:02]} 31. Qd4 {[%clk 0:02:05]} Qb5 {[%clk 0:00:37]} 32. Qd8
{[%clk 0:01:41]} 1-0

[Event "2012"]
[Site "Pyhajarve"]
[Date "2012.11.25"]
[Round "10.1"]
[White "SHORT, Nigel"]
[Black "SEEMAN, Tarvo"]
[Result "1-0"]
[LiveChessVersion "1.3.1"]
[BlackElo "2386"]
[WhiteElo "2702"]

1. e4 {[%clk 0:07:57]} g6 {[%clk 0:11:58]} 2. d4 {[%clk 0:07:55]} Bg7
{[%clk 0:11:57]} 3. Nf3 {[%clk 0:07:53]} c6 {[%clk 0:11:55]} 4. h3
{[%clk 0:07:32]} d6 {[%clk 0:11:43]} 5. Bc4 {[%clk 0:07:18]} Nf6 {[%clk 0:11:30]}
6. e5 {[%clk 0:06:24]} dxe5 {[%clk 0:11:20]} 7. Nxe5 {[%clk 0:06:23]} O-O
{[%clk 0:11:14]} 8. O-O {[%clk 0:06:20]} c5 {[%clk 0:09:34]} 9. dxc5
{[%clk 0:06:14]} Qc7 {[%clk 0:09:29]} 10. Nd3 {[%clk 0:06:11]} Nbd7
{[%clk 0:09:25]} 11. Be3 {[%clk 0:05:58]} Ne4 {[%clk 0:08:37]} 12. Na3
{[%clk 0:05:17]} a6 {[%clk 0:07:54]} 13. c3 {[%clk 0:04:59]} Ndxc5
{[%clk 0:07:34]} 14. Nxc5 {[%clk 0:04:56]} Nxc5 {[%clk 0:07:32]} 15. Qe2
{[%clk 0:04:31]} e6 {[%clk 0:07:03]} 16. Nc2 {[%clk 0:03:52]} b5 {[%clk 0:06:59]}
17. Bb3 {[%clk 0:03:52]} Bb7 {[%clk 0:06:56]} 18. Bd4 {[%clk 0:03:46]} e5
{[%clk 0:06:36]} 19. Bxc5 {[%clk 0:03:45]} Qxc5 {[%clk 0:06:34]} 20. Rad1
{[%clk 0:03:40]} Rad8 {[%clk 0:05:58]} 21. Ne3 {[%clk 0:03:39]} Bh6
{[%clk 0:05:17]} 22. Ng4 {[%clk 0:03:37]} Bg7 {[%clk 0:05:16]} 23. Rxd8
{[%clk 0:03:31]} Rxd8 {[%clk 0:05:15]} 24. Rd1 {[%clk 0:03:30]} Qe7
{[%clk 0:04:44]} 25. Ne3 {[%clk 0:03:29]} Bh6 {[%clk 0:04:25]} 26. Nd5
{[%clk 0:03:24]} Bxd5 {[%clk 0:04:23]} 27. Bxd5 {[%clk 0:03:20]} Kg7
{[%clk 0:04:07]} 28. c4 {[%clk 0:03:17]} b4 {[%clk 0:03:53]} 29. c5
{[%clk 0:03:06]} Qxc5 {[%clk 0:03:19]} 30. Qxe5+ {[%clk 0:03:05]} f6
{[%clk 0:03:15]} 31. Qe6 {[%clk 0:03:03]} Qf8 {[%clk 0:02:38]} 32. g3
{[%clk 0:02:58]} Kh8 {[%clk 0:02:30]} 33. Re1 {[%clk 0:02:52]} f5
{[%clk 0:02:24]} 34. Bc4 {[%clk 0:02:48]} f4 {[%clk 0:02:18]} 35. g4
{[%clk 0:02:45]} Bg7 {[%clk 0:02:16]} 36. Qxa6 {[%clk 0:02:39]} Bxb2
{[%clk 0:02:07]} 37. Qb7 {[%clk 0:02:26]} Bf6 {[%clk 0:02:00]} 38. Kg2
{[%clk 0:02:20]} Qc5 {[%clk 0:01:54]} 39. Bb3 {[%clk 0:02:16]} Bh4
{[%clk 0:01:47]} 40. Re2 {[%clk 0:02:11]} Rf8 {[%clk 0:01:45]} 41. Qf3
{[%clk 0:02:08]} Kg7 {[%clk 0:01:36]} 42. Re4 {[%clk 0:02:07]} Bg5
{[%clk 0:01:32]} 43. Rc4 {[%clk 0:02:05]} Qd6 {[%clk 0:01:31]} 44. Rc6
{[%clk 0:02:02]} Qe7 {[%clk 0:01:29]} 45. Rb6 {[%clk 0:01:58]} Rd8
{[%clk 0:01:23]} 46. Qc6 {[%clk 0:01:52]} Rd7 1-0

[Event "2012"]
[Site "Pyhajarve"]
[Date "2012.11.25"]
[Round "10.2"]
[White "KELDER, Hendrek"]
[Black "NYBACK, Tomi"]
[Result "0-1"]
[LiveChessVersion "1.3.1"]
[BlackElo "2631"]
[WhiteElo "2065"]

1. e4 {[%clk 0:17:59]} e5 {[%clk 0:01:59]} 2. Nf3 {[%clk 0:17:57]} Nc6
{[%clk 0:01:58]} 3. Bb5 {[%clk 0:17:56]} a6 {[%clk 0:01:58]} 4. Ba4
{[%clk 0:17:55]} Nf6 {[%clk 0:01:56]} 5. O-O {[%clk 0:17:53]} Be7
{[%clk 0:01:56]} 6. c3 {[%clk 0:17:49]} Nxe4 {[%clk 0:01:52]} 7. d4
{[%clk 0:17:22]} exd4 {[%clk 0:01:49]} 8. cxd4 {[%clk 0:17:20]} O-O
{[%clk 0:01:38]} 9. d5 {[%clk 0:17:02]} Nb8 {[%clk 0:01:35]} 10. Nc3
{[%clk 0:16:43]} Nxc3 {[%clk 0:01:33]} 11. bxc3 {[%clk 0:16:42]} d6
{[%clk 0:01:32]} 12. Bc2 {[%clk 0:16:32]} Nd7 {[%clk 0:01:30]} 13. c4
{[%clk 0:15:25]} Bf6 {[%clk 0:01:27]} 14. Rb1 {[%clk 0:15:24]} Nc5
{[%clk 0:01:23]} 15. Bb2 {[%clk 0:14:56]} Bxb2 {[%clk 0:01:20]} 16. Rxb2
{[%clk 0:14:55]} Qf6 {[%clk 0:01:19]} 17. Qb1 {[%clk 0:14:30]} g6
{[%clk 0:01:17]} 18. Re1 {[%clk 0:12:53]} Bg4 {[%clk 0:01:15]} 19. Nd2
{[%clk 0:12:39]} Rfe8 {[%clk 0:01:13]} 20. Ne4 {[%clk 0:11:53]} Nxe4
{[%clk 0:01:12]} 21. Rxe4 {[%clk 0:11:48]} Rxe4 {[%clk 0:01:10]} 22. Bxe4
{[%clk 0:11:46]} b6 {[%clk 0:01:09]} 23. f3 {[%clk 0:11:15]} Qd4+
{[%clk 0:01:07]} 24. Kf1 {[%clk 0:11:10]} Bd7 {[%clk 0:01:05]} 25. Bd3
{[%clk 0:10:08]} Re8 {[%clk 0:01:03]} 26. Re2 {[%clk 0:10:06]} Rxe2
{[%clk 0:01:00]} 27. Bxe2 {[%clk 0:10:01]} Bf5 {[%clk 0:00:58]} 28. Qc1
{[%clk 0:09:14]} Kg7 {[%clk 0:00:57]} 29. g4 {[%clk 0:08:56]} Bd7
{[%clk 0:00:55]} 30. h4 {[%clk 0:08:41]} h5 {[%clk 0:00:51]} 31. gxh5
{[%clk 0:08:33]} Bh3+ {[%clk 0:00:49]} 32. Ke1 {[%clk 0:08:26]} Qxh4+
{[%clk 0:00:47]} 33. Kd1 {[%clk 0:08:12]} Qd4+ {[%clk 0:00:46]} 34. Ke1
{[%clk 0:07:57]} Qg1+ {[%clk 0:00:44]} 35. Kd2 {[%clk 0:07:56]} Qxc1+
{[%clk 0:00:43]} 36. Kxc1 {[%clk 0:07:55]} gxh5 {[%clk 0:00:42]} 37. Kd2
{[%clk 0:07:41]} h4 {[%clk 0:00:40]} 38. Ke3 {[%clk 0:07:36]} Kf6
{[%clk 0:00:38]} 39. Kf4 {[%clk 0:07:26]} Bd7 {[%clk 0:00:37]} 40. Bf1
{[%clk 0:06:56]} h3 {[%clk 0:00:36]} 41. Kg3 {[%clk 0:06:55]} Ke5
{[%clk 0:00:35]} 42. Bxh3 {[%clk 0:06:22]} Bxh3 {[%clk 0:00:33]} 43. Kxh3
{[%clk 0:06:21]} Kd4 {[%clk 0:00:32]} 44. Kg4 {[%clk 0:06:17]} Kxc4
{[%clk 0:00:31]} 45. f4 {[%clk 0:06:14]} Kxd5 {[%clk 0:00:29]} 46. Kf5
{[%clk 0:06:14]} c5 {[%clk 0:00:27]} 47. Kf6 {[%clk 0:06:13]} c4 {[%clk 0:00:26]}
48. Kxf7 {[%clk 0:06:11]} c3 {[%clk 0:00:25]} 49. f5 {[%clk 0:06:10]} c2
{[%clk 0:00:24]} 50. f6 {[%clk 0:06:09]} c1=Q {[%clk 0:00:23]} 51. Kg8
{[%clk 0:06:07]} Ke6 {[%clk 0:00:21]} 0-1

[Event "2012"]
[Site "Pyhajarve"]
[Date "2012.11.25"]
[Round "10.3"]
[White "SCHULS, Olev"]
[Black "SMITH, Axel"]
[Result "0-1"]
[LiveChessVersion "1.3.1"]
[BlackElo "2490"]
[WhiteElo "2224"]

1. e4 {[%clk 0:11:57]} c5 {[%clk 0:08:00]} 2. Nf3 {[%clk 0:11:56]} e6
{[%clk 0:07:59]} 3. d4 {[%clk 0:11:54]} cxd4 {[%clk 0:07:59]} 4. Nxd4 a6 5. Bd3
{[%clk 0:11:52]} g6 {[%clk 0:07:57]} 6. O-O {[%clk 0:10:52]} Bg7 {[%clk 0:07:57]}
7. c3 {[%clk 0:10:50]} Ne7 {[%clk 0:07:54]} 8. f4 {[%clk 0:10:43]} Nbc6
{[%clk 0:07:53]} 9. Nf3 {[%clk 0:10:28]} O-O {[%clk 0:07:29]} 10. Kh1
{[%clk 0:10:28]} b5 {[%clk 0:06:40]} 11. Qe2 {[%clk 0:09:35]} Bb7
{[%clk 0:06:36]} 12. Be3 {[%clk 0:09:24]} b4 {[%clk 0:06:04]} 13. a3
{[%clk 0:08:49]} a5 {[%clk 0:05:56]} 14. Qf2 {[%clk 0:08:21]} Qc7
{[%clk 0:05:28]} 15. Nd4 {[%clk 0:08:06]} Nxd4 {[%clk 0:05:12]} 16. Bxd4
{[%clk 0:07:57]} e5 {[%clk 0:04:55]} 17. Bxe5 {[%clk 0:06:34]} Bxe5
{[%clk 0:04:54]} 18. fxe5 {[%clk 0:06:34]} Qxe5 {[%clk 0:04:53]} 19. axb4
{[%clk 0:06:29]} axb4 {[%clk 0:04:51]} 20. Rxa8 {[%clk 0:06:28]} Bxa8
{[%clk 0:04:49]} 21. cxb4 {[%clk 0:06:27]} Bxe4 {[%clk 0:04:39]} 22. Re1
{[%clk 0:06:01]} d5 {[%clk 0:04:30]} 23. Nc3 {[%clk 0:06:00]} f5 {[%clk 0:04:19]}
24. b5 {[%clk 0:05:34]} Re8 {[%clk 0:04:06]} 25. h3 {[%clk 0:05:17]} Kg7
{[%clk 0:03:31]} 26. Kg1 {[%clk 0:04:33]} h5 {[%clk 0:02:56]} 27. g3
{[%clk 0:04:05]} Rb8 {[%clk 0:02:34]} 28. h4 {[%clk 0:03:35]} Rb7
{[%clk 0:02:27]} 29. Kh2 {[%clk 0:03:29]} Ng8 {[%clk 0:02:25]} 30. Bf1
{[%clk 0:02:35]} Nf6 {[%clk 0:02:17]} 31. Bh3 {[%clk 0:02:33]} d4
{[%clk 0:02:14]} 32. Nxe4 {[%clk 0:02:18]} fxe4 {[%clk 0:02:13]} 33. Qe2
{[%clk 0:02:17]} Qxb5 {[%clk 0:02:03]} 34. Qxb5 {[%clk 0:02:05]} Rxb5
{[%clk 0:02:02]} 35. Re2 {[%clk 0:02:05]} e3 {[%clk 0:01:54]} 36. Kg1
{[%clk 0:01:47]} Nd5 {[%clk 0:01:48]} 37. Bd7 {[%clk 0:01:30]} Rb4
{[%clk 0:01:40]} 0-1